000 00872nam a22001815i 4500
001 162157
003 ES-MaACL
005 20250930063143.0
008 000121s1876 sp |||| | spa d
040 _aCAM
_bspa
_cCAM
100 1 _aPina Domínguez, Mariano,
_d1840-1895
_9139971
245 1 0 _a¡Arda Troya!
_b: juguete cómico en tres actos y en verso /
_coriginal de Mariano Pina Dominguez.
260 _aMadrid :
_b[Administración Lírico-Dramática],
_c1876 (
_fImprenta de José Rodriguez)
300 _a92 p. ;
_c19 cm.
500 _aEn port.: Representado por primera vez en Madrid en el Teatro Español, el 24 de diciembre de 1875.
852 _aES-MaACL
_jF-8583(6)
_z-- Enc. pasta española
_q-- Falto de la cub. original
_z-- Enc. en un vol. facticio formando parte de la col. facticia "Teatro español moderno", vol. 36
999 _c162157
_d162157